000 00620nam a22002291 4500
008
049 _aMAIN
090 _aQD501
100 1 _aPatton, A. R.
245 1 0 _aBiochemical energetics and kinetics /
_c[by] A.R. Patton.
260 _aPhiladelphia :
_bSaunders,
_c1965.
300 _avi, 116 p.
_bill.
_c24 cm.
500 _aIncludes index
650 0 _aBioenergetics.
650 0 _aChemical kinetics.
650 0 _aBiochemistry.
907 _a.b10166439
_b09-12-05
_c27-06-05
003
005 20230123134024.0
040 _cNUST
942 _cBOOKS
_kQD501
999 _c158671
_d158671